[Event "?"]
[Site "Altensteig"]
[Date "1995.??.??"]
[Round "11"]
[White "Zueger, Beat"]
[Black "Grosar, Aljosa"]
[Result "1/2-1/2"]
[WhiteElo "2470"]
[BlackElo "2485"]

1.d4 Nf6 2.Nf3 e6 3.g3 b6 4.Bg2 Bb7 5.O-O Be7 6.c4 O-O 7.Nc3 Ne4
8.Nxe4 Bxe4 9.Ne1 Bxg2 10.Nxg2 d5 11.Qa4 Qd7 12.Qxd7 Nxd7 13.cxd5 exd5
14.Nf4 c6 15.Bd2 1/2-1/2

[Event "?"]
[Site "Altensteig"]
[Date "1995.??.??"]
[Round "11"]
[White "Hickl, Joerg"]
[Black "Dautov, Rustem"]
[Result "1/2-1/2"]
[WhiteElo "2570"]
[BlackElo "2620"]

1.g3 d5 2.Bg2 g6 3.c4 c6 4.Qc2 Nf6 5.b3 Bg7 6.Bb2 O-O 7.Nf3 a5 8.O-O Na6
9.a3 Bf5 10.d3 Qc8 11.Nbd2 Bh3 12.Bc3 Bxg2 13.Kxg2 Nc5 14.b4 axb4
15.axb4 Ncd7 16.Rxa8 Qxa8 17.e4 dxe4 18.dxe4 Ne8 19.Nb3 Bxc3 20.Qxc3 Ng7
21.Rd1 1/2-1/2

[Event "?"]
[Site "Altensteig"]
[Date "1995.??.??"]
[Round "11"]
[White "Bischoff, Klaus"]
[Black "Luther, Thomas"]
[Result "1/2-1/2"]
[WhiteElo "2550"]
[BlackElo "2550"]

1.Nf3 Nf6 2.c4 e6 3.d4 c5 4.d5 exd5 5.cxd5 d6 6.Nc3 g6 7.Nd2 a6 8.a4 Nbd7
9.e4 Bg7 10.Be2 O-O 11.Qc2 Re8 12.O-O Rb8 13.a5 Qc7 14.Ra3 h6 15.b3 g5
16.Bb2 Ne5 17.Nd1 Ng6 18.Bc4 Qe7 19.Nc3 Ng4 20.Raa1 Bd7 21.Ne2 N4e5
22.Ng3 Nf4 23.Rfe1 h5 24.Ngf1 Qf6 25.Rab1 Nxg2 26.Kxg2 Bh3+ 27.Kg1 Nf3+
28.Nxf3 Qxf3 29.Ne3 Rxe4 30.Bf1 Rg4+ 31.Nxg4 Qxg4+ 32.Kh1 Qf3+
33.Kg1 Qg4+ 34.Kh1 Qf3+ 35.Kg1 1/2-1/2

[Event "?"]
[Site "Altensteig"]
[Date "1995.??.??"]
[Round "11"]
[White "Woijtkiewicz, Aleksander"]
[Black "Vogt, Lothar"]
[Result "1/2-1/2"]
[WhiteElo "2570"]
[BlackElo "2475"]

1.Nf3 Nf6 2.c4 g6 3.g3 Bg7 4.Bg2 O-O 5.d4 d6 6.O-O Nbd7 7.Nc3 e5 8.e4 a6
9.Re1 exd4 10.Nxd4 Ng4 11.f4 c6 12.h3 Qb6 13.Nce2 Ngf6 14.Qc2 Re8
15.Be3 c5 16.Nb3 Nxe4 17.Bxe4 Nf6 18.Nc3 Nxe4 19.Nxe4 Bf5 20.Bf2 Qc6
21.Nbd2 Bxh3 22.Re3 Re6 23.Rae1 Rae8 24.b3 h6 25.Kh2 Bf5 26.Qd3 Bd4
27.g4 Bxg4 28.Ng3 Bxe3 29.Rxe3 Rxe3 30.Bxe3 f5 31.a4 h5 32.Nh1 Bh3
33.Kxh3 Qxh1+ 34.Kg3 h4+ 35.Kf2 h3 36.Qf1 Qxf1+ 37.Nxf1 b5 38.axb5 axb5
39.cxb5 Rb8 40.Kg3 Rxb5 41.Nd2 d5 42.Kxh3 c4 43.bxc4 dxc4 44.Kg3 c3
45.Nf3 c2 46.Nd4 Rc5 47.Ne2 Rd5 48.Kf2 Rd1 49.Nc1 Kf7 50.Ke2 Ke6
51.Bd2 Kd5 52.Kd3 Rxd2+ 53.Kxd2 Ke4 54.Nd3 c1Q+ 55.Nxc1 Kxf4
56.Ke2 Kg3 1/2-1/2

[Event "?"]
[Site "Altensteig(Match)"]
[Date "1995.??.??"]
[Round "?"]
[White "Koglin, Anke"]
[Black "Lematschko, Tatjana"]
[Result "1/2-1/2"]
[WhiteElo "2225"]
[BlackElo "2310"]

1.e4 e6 2.d4 d5 3.Nc3 Bb4 4.exd5 exd5 5.a3 Be7 6.Bd3 Bf6 7.Nge2 c6
8.O-O Ne7 9.Na4 Nd7 10.c3 a5 11.Bf4 O-O 12.b4 b5 13.Nc5 a4 14.Qc2 Ng6
15.Bg3 Re8 16.Nf4 Ndf8 17.Rae1 Ra7 18.Nxd5 cxd5 19.Bxb5 Rxe1 20.Rxe1 Be7
21.Bxa4 Ne6 22.Ra1 Bd6 23.Bb3 Bxg3 24.hxg3 Ne7 25.a4 g6 26.Qe2 Qd6
27.a5 Qc7 28.Qf3 Kg7 29.Re1 Nxc5 30.dxc5 Be6 31.Ba4 h5 32.Qf4 Qxf4
33.gxf4 Kf6 34.Ra1 d4 35.cxd4 Nd5 36.Rb1 Nc3 37.Ra1 Ne2+ 38.Kh2 Nxd4
39.c6 Ke7 40.Rc1 Nf5 41.Bb5 Nd6 42.Be2 Nc8 43.Bf3 Kd6 44.Ra1 Bc4
45.Rd1+ Ke7 46.f5 gxf5 47.Bxh5 Nd6 48.Bf3 Rc7 49.Rc1 Rc8 50.Kg3 Rb8
51.Ra1 Ba6 52.Rb1 Kd8 53.Kf4 Kc7 54.Ke5 Bd3 55.Rb3 Bc4 56.Rb2 Re8+
57.Kf4 Bb5 58.Rd2 Rh8 59.g3 Rb8 60.Rc2 Ba4 61.Rb2 Bb5 62.Bd5 f6 63.f3 Re8
64.Rh2 Re7 65.Rh6 Ne8 66.g4 Kd6 67.Bb3 fxg4 68.fxg4 Kc7 69.Bd5 Bxc6
70.Bxc6 Kxc6 71.g5 Kb5 72.gxf6 Nxf6 73.Rxf6 Kxb4 74.Ra6 Kb5 75.Ra8 Re6
76.Kf5 Ra6 1/2-1/2

[Event "?"]
[Site "Altensteig"]
[Date "1995.??.??"]
[Round "11"]
[White "Georgiev, Kiril"]
[Black "Hracek, Zbynek"]
[Result "1/2-1/2"]
[WhiteElo "2605"]
[BlackElo "2635"]

1.d4 Nf6 2.c4 e6 3.Nc3 Bb4 4.Qc2 O-O 5.a3 Bxc3+ 6.Qxc3 b6 7.Bg5 Bb7
8.e3 d6 9.f3 Nbd7 10.Bd3 c5 11.Ne2 h6 12.Bh4 Rc8 13.b4 d5 14.cxd5 Nxd5
15.Bxd8 Nxc3 16.Bh4 cxd4 17.exd4 Nf6 18.Rc1 Nxe2 19.Kxe2 Nd5 20.Bg3 a6
21.Kd2 Rxc1 22.Rxc1 b5 23.Rc5 Rc8 24.Be4 Kf8 25.Be5 f6 26.Bd6+ Kf7
27.g4 g6 28.Bg3 Bc6 29.h4 h5 30.Bd6 Bb7 31.Bg3 Bc6 32.Bh2 Bb7 33.Bd6 Rc6
34.Bb8 Rc8 35.Bh2 f5 36.gxf5 gxf5 37.Bxd5 exd5 38.Bc7 Re8 39.Rc1 Re6
40.Be5 Rc6 41.Ra1 f4 42.Bxf4 Ke6 43.Bg5 Kf5 44.Kd3 Re6 45.Bd2 Bc6
46.Rc1 Rg6 47.Bg5 Re6 48.Kd2 Rg6 49.Ke3 Re6+ 50.Kf2 Rg6 51.Bd8 Re6
52.Bc7 Rg6 53.Bb8 Re6 54.Be5 Rg6 55.Ke3 Re6 56.Rg1 Rg6 57.Rxg6 Kxg6
58.Kf4 Bd7 59.Bh8 Bh3 60.Ke5 Bg2 61.f4 Kf7 62.Bf6 Be4 63.Bg5 Ke8
64.Ke6 Bf3 65.Kd6 Be4 66.Kc6 Kf7 67.Kb6 Ke6 68.Kxa6 Bd3 69.Ka5 Kf5
70.a4 bxa4 71.Kxa4 Ke4 72.b5 Kxd4 73.Ka5 Bf5 74.Kb6 Bd7 75.f5 Bxf5
76.Kc6 Kc4 77.b6 Bc8 78.b7 Bxb7+ 79.Kxb7 d4 80.Kc6 d3 81.Kd6 Kc3
82.Ke5 d2 83.Bxd2+ Kxd2 84.Kd4 Kc2 85.Ke4 Kc3 86.Kf5 Kd4 87.Kg5 Ke5
88.Kxh5 Kf6 1/2-1/2